000 00490nam a22001937a 4500
003 OSt
005 20260219145710.0
008 260219b |||||||| |||| 00| 0 eng d
040 _cSBCL
082 _a230
_bKAC-E
100 _aKachiramattam,John
245 _aEnte Kalahavum Samvadavum(Part II)
250 _a1st ed.
260 _aKottayam
_bKachiramattam Foundation
_c2014
300 _a112 p.
630 _xReligion
650 _aChristianity & Christian theology
942 _cBOOK
999 _c137771
_d137771